Movies Quiz

Random Movies or Numbers Quiz

IMDb Top 250 Movies By Year Quiz Stats

 Plays Quiz Updated Jan 3, 2019

Challenge
Share
Tweet
Embed
Score 0/83 Timer 16:00
2 Plays Today
Year Movie % Correct
2010Incendies, Inception, Toy Story 3, How to Train Your Dragon, Shutter Island
78%
2009Inglourious Basterds, The Secret in Their Eyes, 3 Idiots, Up, Mary and Max, Hachi: A Dog's Tale
64.3%
2015Room, Spotlight, Inside Out, Mad Max: Fury Road, Drishyam
63.4%
2016The Handmaiden, Hacksaw Ridge, Your Name, Dangal
63.1%
2018Spider-Man: Into the Spider-Verse, Avengers: Infinity War, Andhadhun, Bohemian Rhapsody, Roma
61.4%
2017Coco, Three Billboards Outside Ebbing, Missouri, Logan
57.5%
2012Django Unchained, The Hunt, The Dark Knight Rises, Bande Vasejpura
54.5%
2008Gran Torino, The Dark Knight, WALL·E
52.6%
2014Interstellar, Gone Girl, Wild Tales, The Grand Budapest Hotel, Whiplash, Guardians of the Galaxy
49.7%
2013The Wolf of Wall Street, 12 Years a Slave, Rush, Prisoners, Tangerines
40.3%
1994The Lion King, The Shawshank Redemption, Léon: The Professional, Forrest Gump, Pulp Fiction
37.1%
1999American Beauty, The Sixth Sense, The Matrix, Fight Club, The Green Mile
33.4%
2011The Intouchables, A Separation, Warrior, The Help, Harry Potter and the Deathly Hallows: Part 2
33.3%
2003Kill Bill: Vol. 1, Finding Nemo, Memories of Murder, Oldboy, Lord of the Rings: The Return of the King, Pirates of the Caribbean: The Curse of the Black Pearl
33%
2001Monsters, Inc., Donnie Darko, Amélie, The Lord of the Rings: The Fellowship of the Ring, Spirited Away, A Beautiful Mind
32%
1977Star Wars: Episode IV - A New Hope
31.4%
1995Se7en, Braveheart, La Haine,The Usual Suspects, Casino, Heat, Toy Story, Before Sunrise
31%
2002The Pianist, City of God, The Lord of the Rings: The Two Towers, Catch Me If You Can
30.8%
2007Like Stars on Earth, There Will Be Blood, Into the Wild, No Country for Old Men
30.5%
1972The Godfather
30.1%
2000Memento, Amores Perros, Requiem for a Dream, Snatch, Gladiator, In the Mood for Love
28.6%
1980Raging Bull, The Shining, The Elephant Man, Star Wars: Episode V - The Empire Strikes Back
28.3%
2004Million Dollar Baby, Downfall, Howl's Moving Castle, Eternal Sunshine of the Spotless Mind, Hotel Rwanda, Before Sunset
28.2%
1939Mr. Smith Goes to Washington, The Wizard of Oz, Gone With the Wind
27.1%
2006The Prestige, Pan's Labyrinth, The Lives of Others, The Departed, Rang De Basanti
26.7%
1974The Godfather: Part II, Chinatown
26.5%
1998The Truman Show; American History X; Saving Private Ryan; The Big Lebowski; Lock, Stock and Two Smoking Barrels
22.9%
1975Jaws, Monty Python and the Holy Grail, One Flew Over the Cuckoo's Nest, Barry Lyndon
22.4%
Year Movie % Correct
1976Rocky, Network, Taxi Driver
21.9%
1983Star Wars: Episode VI - Return of the Jedi, Scarface
21.8%
1991The Silence of the Lambs, Terminator 2: Judgment Day, Beauty and the Beast
21.7%
1993In the Name of the Father, Groundhog Day, Schindler's List, Jurassic Park
20.5%
1942Casablanca
19.9%
1990Goodfellas
18.1%
1979Alien, Apocalypse Now, Stalker, Life of Brian
18%
1992Unforgiven, Reservoir Dogs
17.7%
1981Raiders of the Lost Ark, Das Boot
16.9%
2005Batman Begins, V for Vendetta, My Father and My Son
16.4%
1986Aliens, Stand By Me, Platoon, Castle in the Sky
16.3%
1960The Apartment, Psycho
16%
1941Citizen Kane, The Maltese Falcon
15.7%
1984The Terminator; Once Upon a Time in America; Amadeus; Nausicaä of the Valley of the Wind; Paris, Texas
14.9%
1954Seven Samurai, Dial M for Murder, On the Waterfront, Rear Window
14.8%
1982The Thing, Gandhi, Blade Runner
14.6%
1959 North by Northwest, Some Like It Hot, Ben-Hur, The 400 Blows
14.5%
1997Good Will Hunting, Life Is Beautiful, L.A. Confidential, Princess Mononoke, Children of Heaven
14.4%
1985Back to the Future, Ran, Come and See
14.3%
1973The Sting, Paper Moon
13.6%
1978The Deer Hunter
12.8%
19682001: A Space Odyssey, Once Upon a Time in the West
11.9%
1946The Best Years of Our Lives, It's a Wonderful Life
11.8%
1996Trainspotting, Fargo, The Bandit
11.2%
195712 Angry Men, Witness for the Prosecution, The Bridge on the River Kwai, The Seventh Seal, Wild Stawberries, Paths of Glory, The Nights of Cabiria
11.1%
1958Vertigo
10.6%
1967Cool Hand Luke
10.4%
1962Lawrence of Arabia, To Kill a Mockingbird, Sanjuro
10.4%
Year Movie % Correct
1966The Good, the Bad and the Ugly, Persona, Andrei Rublev
10.3%
1940The Grapes of Wrath, The Great Dictator, Rebecca
10.2%
1971A Clockwork Orange
9.9%
1989Dead Poets Society, Indiana Jones and the Last Crusade
9.9%
1950Rashomon, Sunset Boulevard, All About Eve
9.8%
1931M, City Lights
9.1%
1969Butch Cassidy and the Sundance Kid
8.5%
1987The Princess Bride, Full Metal Jacket
8.3%
1964Dr. Strangelove or: How I Learned to Stop Worrying and Love the Bomb
8.2%
1988My Neighbor Totoro, Grave of the Fireflies, Cinema Paradiso, Die Hard, Akira
8.2%
1934It Happened One Night
7.3%
1927Sunrise, Metropolis
7.2%
1952Singin' in the Rain, Ikiru
6.7%
1936Modern Times
6.2%
1948Bicycle Thieves, The Treasure of the Sierra Madre
5.6%
1928The Passion of Joan of Arc
5.6%
1955Diabolique
5.6%
1925The Gold Rush
5%
1944Double Indemnity
4.9%
1921The Kid
4.8%
1965For a Few Dollars More
4.6%
1963The Great Escape, 8 1/2
4.3%
1926The General
4.3%
1949The Third Man
4%
1961Yojimbo, Judgement at Nuremberg
3.8%
1953Tokyo Story, The Wages of Fear
2.9%
1924Sherlock Jr.
1.1%

You're not logged in!

Compare scores with friends on all Sporcle quizzes.
OR
Log In

You Might Also Like...

Show Comments

Extras

Top Quizzes Today


Score Distribution

Your Account Isn't Verified!

In order to create a playlist on Sporcle, you need to verify the email address you used during registration. Go to your Sporcle Settings to finish the process.

Report this User

Report this user for behavior that violates our Community Guidelines.

Details: